[Event "FRA-ch"]
[Site "Narbonne"]
[Date "1997.08.25"]
[Round "10"]
[White "Prie, Eric"]
[Black "Santo Roman, Marc"]
[Result "1-0"]
[WhiteElo "2465"]
[BlackElo "2385"]
[Annotator "Tyomkin,D"]
[PlyCount "75"]
[EventDate "1997.08.15"]
[EventType "tourn"]
[EventRounds "15"]
[EventCountry "FRA"]
[EventCategory "9"]
[SourceTitle "CBM 061"]
[Source "ChessBase"]
[SourceDate "1997.11.23"]
[SourceVersion "1"]
[SourceVersionDate "1997.11.23"]
[SourceQuality "1"]

1. d4 f5 2. Bg5 h6 3. Bh4 g5 4. e4 (4. e3 {Tyomkin,D} Bg7 5. Bg3 d6 6. h4 g4 7.
Ne2 $5 $146 {[%cal Ye2f4]} (7. h5) 7... Nf6 $6 (7... e5 $142) 8. Nf4 $14 e6 9.
Nd2 (9. Bc4 $5 d5 10. Bd3) 9... O-O 10. Bc4 Qe8 11. h5 b5 12. Bb3 Nc6 13. a3
Na5 14. Ba2 Bd7 15. Qe2 {[%cal Ge3e4]} d5 16. Nd3 $16 {[%csl Rc5,Re5][%cal
Ye1c1,Yf2f3,Ye3e4]} Qc8 17. Be5 Nc4 18. Nxc4 dxc4 19. Nc5 Bc6 20. f3 Rf7 21.
O-O-O Nd5 22. Bxg7 Rxg7 23. e4 fxe4 24. fxe4 Nf4 25. Qd2 $18 {Wells,P-Danner,G/
Honved-B 1997/1-0 (31)}) 4... Nf6 $1 $146 {After 4..Bg7 black has serious
problems} (4... Bg7 {Tyomkin,D} 5. Bg3 f4 (5... fxe4 6. h4 (6. Nc3 Nf6 7. f3
$36) 6... Nf6 7. hxg5 hxg5 8. Rxh8+ Bxh8 9. Qd2 d5 (9... g4 10. Nc3 d5 11. Bxc7
$5 {[%csl Rh8][%cal Gd2h6]} Qxc7 12. Qh6 g3 13. Qxh8+ Kf7 14. Qh4) 10. Qxg5 Be6
11. Nc3 Nc6 12. O-O-O Kd7 13. f3 Qg8 14. Qh4 $16 {Touzane,O-Hetey,L/Budapest
FS10 IM-B 1995/1-0(34)}) 6. Bxf4 gxf4 7. Qh5+ Kf8 8. Qf5+ Ke8 (8... Nf6 9. e5
d6 10. Qxf4 dxe5 11. dxe5 $16) 9. Be2 Nf6 10. e5 e6 11. Qg6+ $2 (11. Qxf4 $16)
11... Kf8 12. exf6 Qxf6 13. Qxf6+ Bxf6 14. c3 $13 {Wachtel,H-Sloan,T/US op
Chicago 1994/1-0(37)}) 5. e5 e6 6. exf6 Qxf6 7. Bg3 f4 8. Nf3 Nc6 9. c3 (9. Nc3
Bb4 $1 $13) 9... b6 $6 (9... d6 $5 {[%cal Gc8d7,Ye8c8]} 10. Nbd2 Bd7 11. Ne4
Qe7 12. Bxf4 (12. Bd3 O-O-O 13. Qe2 {[%cal Ge1c1]} Bg7 14. O-O-O {black
position is looking OK}) 12... gxf4 13. Qd2 Qf7 (13... d5 14. Nc5 e5 15. Nxd7
exd4+ 16. Be2 (16. Qe2 Kxd7) 16... dxc3 17. Qxf4 (17. Qxc3 $2 Bg7 18. Qb3 O-O-O
$1) 17... Qxd7 18. Ne5 $1 $36) 14. O-O-O $13) 10. Bb5 $1 (10. Nbd2 Bb7 11. Ne4
Qe7 12. Bxf4 gxf4 13. Qd2 $2 d5 {[%csl Re4]}) 10... Bb7 11. Bxc6 dxc6 $1 (11...
Bxc6 $6 12. Ne5 O-O-O (12... Bxg2 $2 13. Qh5+) 13. Nxc6 dxc6 14. Qf3 {[%csl
Rc6,Rf8][%cal Ge1g1]} e5 15. h3 {[%cal Gg3h2]} (15. O-O $16) 15... Qe7 $1 {
[%cal Ye5d4,Yf4g3]} (15... exd4 16. O-O) 16. Bh2 (16. O-O fxg3 $132) 16...
exd4+ 17. Qe2 (17. Kf1)) 12. Nbd2 $14 O-O-O 13. Qe2 c5 14. dxc5 Bxc5 15. O-O-O
Rhe8 (15... Qf5 16. Nb3 fxg3 17. Nxc5 Qxc5 18. Rxd8+ Rxd8 19. hxg3 $16 {
[%csl Re6,Rh6]}) 16. Ne4 (16. Nb3 {doesn't give anything for white} Bf8 (16...
Rxd1+ 17. Rxd1 Bf8) 17. Rxd8+ Rxd8 18. Nbd4 Bd5 $1 (18... Re8 19. Qb5 $1 $16 {
[%cal Gd4c6]}) 19. Qa6+ Bb7 20. Qxa7 e5 $36) 16... Rxd1+ 17. Rxd1 Qf5 18. Nfd2
(18. Qd3 $2 Bxe4 $1 (18... Bc6 19. Nxc5 Qxc5 20. b4 {[%cal Gf3e5]}) (18... Kb8
19. Qd7) 19. Qd7+ Kb7 20. Qxe8 fxg3 $40) (18. Nxc5 $142 Qxc5 19. Qd3 $14 {
[%cal Yd3d7,Yd3g6]}) 18... Bf8 19. f3 {[%cal Gg3f2]} fxg3 20. hxg3 Bg7 21. Re1
Kb8 $6 (21... g4 $1 22. fxg4 Qg6) 22. Kb1 Qa5 $6 (22... g4 $142) 23. Nb3 Qa4
24. g4 Bd5 25. Qc2 Qd7 26. Ng3 Qf7 27. Nd2 Bf8 28. Nde4 Bg7 29. Nh5 Bh8 30. Nf2
Rd8 31. Qe2 $16 {[%cal Gc3c4]} e5 32. a3 {[%csl Rh8]} (32. b3 $2 Bxb3) 32...
Bb3 33. Ne4 Qd5 34. Kc1 Qa5 35. Nd2 Bd5 36. Rd1 (36. Nc4 $5 Qc5 $1 (36... Bxc4
37. Qxc4 $18 {[%csl Rh8]}) 37. Ne3 (37. Nxe5 $2 Qd6 $132 38. Ng3 $2 Bb3 $19)
37... Bc6 38. Nf5 Bb5 39. Qe3 Qc6 40. Rd1 $1 $14 {/+/-} (40. Nhg3 $2 Rd3 41.
Qe4 $2 Rxc3+ 42. bxc3 Qxc3+ 43. Kd1 Bd3 44. Qa4 b5 $19)) 36... Qa4 37. Ne4 {
[%cal Rc3c4]} Qb3 $4 $138 (37... Rd7 38. Rd2 {[%cal Rh5f6]} (38. g3 $6 {
[%cal Rh5f6]} Bc4 39. Qe1 Rxd1+ 40. Qxd1 Qxd1+ 41. Kxd1 Bd5 42. Nd2 (42. Ke2
Bxe4 $11 {[%csl Rh5,Rh8]}) 42... e4 $1 43. Nxe4 (43. fxe4 Be6 $19) 43... Bxe4)
38... Qc6 39. Nhg3 $14 {[%csl Ge4,Re5,Rh8][%cal Gg3f5] /+/-}) 38. c4 1-0

[Event "Biel Credis"]
[Site "Biel"]
[Date "1997.07.21"]
[Round "1"]
[White "Hertneck, Gerald"]
[Black "Onischuk, Alexander"]
[Result "0-1"]
[WhiteElo "2525"]
[BlackElo "2625"]
[Annotator "Tyomkin,D"]
[PlyCount "74"]
[EventDate "1997.07.20"]
[EventType "tourn"]
[EventRounds "10"]
[EventCountry "SUI"]
[EventCategory "10"]
[SourceTitle "CBM 060"]
[Source "ChessBase"]
[SourceDate "1997.09.29"]
[SourceVersion "1"]
[SourceVersionDate "1997.09.29"]
[SourceQuality "1"]

1. d4 f5 2. Nf3 Nf6 3. Bg5 e6 4. Nbd2 Be7 5. e3 O-O 6. Bd3 d5 7. Bxf6 $6 $146 (
7. O-O {Tyomkin,D} Nbd7 8. c4 Ne4 (8... c6 {-7.c4}) 9. Bxe7 Qxe7 10. Qc2 c6 11.
g3 g5 12. Be2 Kh8 13. a3 g4 14. Nh4 Ndf6 15. f3 gxf3 16. Bxf3 $14 {/+/-
Zakharov,A-Purgin,N/Smolensk Alekhine op 1992/1-0 (44)}) (7. c4 c6 8. O-O Nbd7
$6 (8... Ne4) (8... Kh8 {Tyomkin,D} 9. Qc2 Ne4 10. Bxe7 Qxe7 11. Rab1 {[%cal
Yb2b4]} a5 12. a3 Nd7 13. b4 axb4 14. axb4 g5 15. g3 Ra3 16. Rb3 $14 {Berg,
K-Lauvsnes,A/Gausdal Arnold Cup 1992/1-0(60)}) 9. cxd5 $1 $14 {[%csl Yf5]} cxd5
10. Rc1 Nb6 11. Nb3 Na4 $1 12. Qe2 Bd7 13. Ne5 a6 14. f3 Be8 15. Rc2 $5 (15. e4
dxe4 16. fxe4 Nxe4 17. Bxe7 Qxe7 18. Bxe4 fxe4 19. Rxf8+ Qxf8 20. Qxe4 Qe7 $13)
15... Rc8 16. g4 $36 {Gurevich,D-Vaisser,A/Biel (open) 1991/1-0 (32)}) (7. h4 {
[%csl Gg5] with idea to play Bf4 after Ne4,but in my opinion the normal way of
development is better for white in this position Tyomkin,D} Nbd7 8. c4 c6 9. a3
Ne4 10. Bf4 Ndf6 $6 {[%cal Yf6g4]} (10... b6 $142) 11. Ne5 Nxd2 12. Qxd2 Nd7 (
12... Ne4 13. Qe2 Bxh4 $140 $2 14. Bxe4 fxe4 15. Qh5 g5 16. Rxh4 $1 $18) 13.
Nf3 Nf6 14. Rc1 Bd7 15. Ne5 Rc8 16. b4 $14 {Petrovic,M-Markovic,G/JUG-chW
Split 1989/1-0 (42)}) 7... Bxf6 8. c3 $6 (8. c4 c5 9. O-O $142 (9. dxc5 $6 Bxb2
10. Rb1 Ba3) (9. cxd5 exd5 (9... cxd4 10. Nxd4 Qxd5 11. O-O $13) 10. O-O c4 $15
) 9... Nc6 10. cxd5) 8... b6 9. Qc2 c5 $15 10. Ne5 Nd7 11. f4 $6 (11. Nxd7 $142
$15) 11... Nxe5 $1 12. dxe5 (12. fxe5 Bh4+ 13. g3 Bg5 $17 {[%csl Re3]}) 12...
Bh4+ 13. g3 {/^a8-h1} Be7 14. O-O-O c4 15. Be2 b5 16. Nf3 Qa5 $1 (16... b4 17.
Bxc4 Qb6 (17... bxc3 18. Qxc3 (18. bxc3 Qb6 $17 {[%csl Rc4,Re3]}) 18... Bb7 (
18... Bd7 19. Ba6) 19. Kb1 Rc8 20. Qb3) 18. Be2 Qxe3+ 19. Kb1 bxc3 20. Rd3 Qe4
21. Rxc3) 17. a3 Qb6 {[%cal Ya7a5,Yb5b4]} 18. Kd2 a5 19. Ra1 Bd7 20. Nd4 b4 21.
g4 fxg4 22. Rhg1 $2 (22. Bxg4 Bc5 23. Rhg1 Rae8 $15 (23... Kh8 $5 {[%cal Gg7g5]
})) 22... h5 23. h3 Bc5 24. axb4 Bxd4 25. cxd4 {[%tqu "En","Find a tactical
blow for black","","","f8f4","",5]} Rxf4 $1 {[%csl Rd2,Rg1]} 26. Qc3 $8 (26.
exf4 Qxd4+ $19) 26... Rf2 27. bxa5 Qd8 28. hxg4 h4 29. g5 h3 30. e4 $4 (30. Ke1
$142 Qf8 $17 {[%cal Gh3h2,Yf2g2]}) 30... h2 $19 31. Rg4 {[%tqu "En","Now the
time to use weeknesses of white's position by tactic","","","a8a5","",5]} Rxa5
$1 {[%csl Ra1,Rh2]} 32. Rh1 Rb5 {[%cal Gb5b3]} 33. Ke1 Qf8 34. Qe3 (34. Rh4 Rb3
35. Qc2 Rg3 $19) (34. exd5 Rb3 $19) {[%tqu "En","show the decisive move","","",
"b5b2","",5]} 34... Rxb2 35. Qxf2 Rb1+ 36. Kd2 Qxf2 37. Rxb1 Qxd4+ 0-1

[Event "VISA GP"]
[Site "Reykjavik"]
[Date "1998.03.14"]
[Round "5"]
[White "Sokolov, Ivan"]
[Black "Conquest, Stuart"]
[Result "1-0"]
[WhiteElo "2625"]
[BlackElo "2480"]
[Annotator "Tyomkin,D"]
[PlyCount "63"]
[EventDate "1998.03.10"]
[EventType "swiss"]
[EventRounds "9"]
[EventCountry "ISL"]
[SourceTitle "CBM 064"]
[Source "ChessBase"]
[SourceDate "1998.06.02"]
[SourceVersion "1"]
[SourceVersionDate "1998.06.02"]
[SourceQuality "1"]

1. d4 d6 2. Nf3 f5 3. Nc3 Nf6 4. Bg5 c6 5. e3 (5. Bxf6 gxf6 (5... exf6 6. e4
fxe4 7. Nxe4 d5 8. Ng3 Bd6 $13 {Edzgveradze Natalia-Sheremetieva Marina/Izt (w)
, Kishinev (Moldova) 1995/0-1 (59)}) 6. e4 Qb6 7. Rb1 fxe4 8. Nxe4 Bg4 9. c3
Nd7 10. Bd3 $14 {Lehmann,H-Mozes,E/Budapest FS06 IM-A 1994/1-0(33)}) 5... Qb6
6. Rb1 g6 7. Bxf6 exf6 8. h4 $1 $146 {The typical plan to shatter black pawns
on the kingside.} (8. Bd3 d5 9. O-O Bd6 10. Ne2 Be6 11. b3 Qd8 12. c4 O-O 13.
Qc2 $14 {Skembris,S-Nikolaidis,I/Heraklio op 1993/1/2-1/2(35)}) 8... d5 (8...
h5 9. Ne2 $5 {[%csl Rg6][%cal Ge2f4]} ({or} 9. Bd3)) 9. h5 g5 $6 (9... Bg7 10.
Bd3 $14 {/+/-}) 10. Bd3 $16 {[%csl Rf5] Consiquance of h2-h4-h5 the pawn-f5
became vulnerable.} Bd6 11. Ne2 Be6 (11... Qa5+ 12. c3 Qxa2 13. Qc2 $16 {
[%csl Rf5][%cal Ge1g1]}) 12. c3 {[%cal Gd1c2]} Qc7 13. Qc2 Qd7 14. Ng3 $1 Bxg3
$6 (14... f4 15. exf4 (15. Nf5 Bxf5 16. Bxf5 Qe7) 15... Bxf4 16. O-O O-O 17.
Rbe1 {[%cal Rd3h7]} Re8 18. Bg6 $1 hxg6 (18... Re7 19. Nf5 hxg6 20. Nxe7+ Qxe7
21. Qxg6+ Kh8 22. g3 $18) 19. Qxg6+ Kf8 20. Qxf6+ Qf7 21. Qh6+ Kg8 22. Nxg5
Bxg5 23. Qxg5+ $16) 15. fxg3 O-O 16. O-O {[%cal Gf1f5] <->f} Qe8 17. Rbe1 (17.
Bxf5 $6 Bxf5 18. Qxf5 Qxe3+) 17... Nd7 18. Bxf5 Bxf5 19. Qxf5 Nb6 20. e4 $1 $18
Qxh5 21. exd5 Nxd5 22. c4 Nb6 23. Re7 Qg6 (23... Rf7 24. Qe6 {[%cal Rf3g5]}
Raf8 25. Rxb7 $18) 24. Qe6+ Kh8 25. Rxb7 Rae8 26. Qxc6 Qd3 27. b3 Nc8 28. Qc7
Rg8 (28... Re7 29. Qc5 $1) 29. Qf7 Ref8 30. Qe6 g4 31. Nh4 Qxg3 32. Nf5 {
[%csl Rh7][%cal Ge6d7]} 1-0

[Event "WchT 5th"]
[Site "Yerevan"]
[Date "2001.10.14"]
[Round "3.4"]
[White "Malakhatko, Vadim"]
[Black "Dzhumaev, Marat"]
[Result "1-0"]
[WhiteElo "2557"]
[BlackElo "2473"]
[Annotator "Tyomkin,D"]
[PlyCount "65"]
[EventDate "2001.10.12"]
[EventType "team-tourn"]
[EventRounds "9"]
[EventCountry "ARM"]
[SourceTitle "CBM 086"]
[Source "ChessBase"]
[SourceDate "2002.02.05"]
[SourceVersion "1"]
[SourceVersionDate "2002.02.05"]
[SourceQuality "1"]
[WhiteTeam "Ukraine"]
[BlackTeam "Uzbekistan"]
[WhiteTeamCountry "UKR"]
[BlackTeamCountry "UZB"]

1. d4 f5 2. Nc3 Nf6 3. Bg5 d5 4. Bxf6 exf6 5. e3 Be6 6. Qf3 {Very flexible
move; White keeps option to develop Bf1 to d3 or b5;} (6. Bb5+ c6 7. Bd3 Qb6 8.
Rb1 Nd7 9. Qf3 g6 10. Nge2 Bd6 11. a3 Qc7 12. h4 h5 13. Nf4 Bf7 14. g3 $11 {
0-1 Ulibin,M-Malaniuk,V/Bydgoszcz POL 2001/The Week in Chess 339 (62)}) ({
More popular here is:} 6. Bd3 Nc6 (6... Qd7 7. Qf3 Nc6 8. Nge2 Nb4 9. Nf4 Bf7
10. O-O-O Nxd3+ 11. Nxd3 c6 12. Ne2 $14 {1/2-1/2 Jepson,C-Rustemov,A/
Copenhagen DEN 2001/The Week in Chess 350 (68)}) 7. Nge2 Qd7 8. a3 Ne7 9. b3
Nc8 10. Na4 Qc6 $6 11. Nf4 Nb6 12. Nc5 Bf7 13. b4 $16 {1-0 Supatashvili,
K-Minasian,A/Batumi GEO 2001/The Week in Chess 348 (48)}) 6... Nc6 (6... Qd7 7.
Bb5 (7. O-O-O Bb4 8. Nce2 c6 9. Nf4 Bf7 10. h4 h5 11. Bd3 g6 12. Qe2 Bd6 13. f3
Kd8 14. Qf2 Re8 15. g3 {1/2-1/2 Lalic,B-Bellin,R/Bunratty 2001/CBM 80 ext (15)}
) 7... c6 $5 (7... Nc6 8. Nge2 a6 9. Ba4 Rd8 10. a3 b5 11. Bb3 Na5 12. Nf4 c6
13. O-O Bf7 14. Rfe1 Be7 15. a4 b4 16. Na2 O-O $11 {1/2-1/2 Vera,R-Mahjoob,M/
Yerevan ARM 2001/The Week in Chess 363 (44)}) 8. Bd3 Bd6 (8... Na6 $6 9. Bxa6
bxa6 10. Nge2 Bd6 11. Na4 O-O 12. Nf4 Bf7 13. Nd3 $16 {[%csl Rc5]} a5 14. h4
Rfe8 15. O-O-O h5 16. Nac5 Qc8 17. g3 Rb8 18. Qe2 Qd8 19. Qd2 Re7 20. Qc3 Qb6
21. a3 Qb5 22. Nb3 Qc4 23. Qxa5 f4 24. gxf4 Bg6 25. Nbc5 Kh7 26. b3 Qb5 27.
Qxb5 Rxb5 28. Kd2 Be4 29. Nxe4 dxe4 30. a4 Rf5 31. Nb2 Kh6 32. Nc4 Bc7 33. Ke2
Bd8 34. Rdg1 Re6 35. Rh3 g5 36. hxg5+ fxg5 37. fxg5+ Bxg5 38. Ne5 c5 39. f4
exf3+ 40. Rxf3 Bxe3 41. Rxe3 {1-0 Rychagov,A-Potapov,A/Korinthos GRE 2001/The
Week in Chess 352 (41)}) 9. Nge2 g6 10. h4 h5 11. a3 a5 12. Nf4 Bf7 13. Na4 Qc7
14. b3 b5 $132 {0-1 Garcia Albarracin,F-De la Riva Aguado,O/Barcelona 2000/CBM
77 ext (48)}) 7. Bb5 Qd6 8. Nge2 $146 (8. h4 $6 h5 9. Nh3 O-O-O 10. Nf4 Bf7 11.
Nd3 g6 12. a3 a6 13. Ba4 Na5 14. Nc5 Nc4 $132 {0-1 Pyda,Z-Jakubiec,A/Zakopane
chT 2000/The Week in Chess 310 (23)}) 8... O-O-O 9. a3 Kb8 10. Nf4 Bf7 11. Nd3
$14 {This is much easier for white to attack black king- white king is pritty
safe here;} Ne7 (11... Na5 12. b4 Nc4 13. Bxc4 dxc4 14. Nc5 $16 c6 $140 15. Nb5
{[%cal Gf3g3,Yb5c7]}) 12. Nc5 g5 13. Bd3 h5 14. Qe2 (14. Bxf5 $2 g4 {[%csl Rf5]
}) 14... f4 15. O-O h4 16. Nb5 Qc6 (16... Qb6 17. exf4 gxf4 18. Qg4 $5 {
[%cal Gg4f4,Gc5d7,Yg4d7]} (18. b4 $14)) 17. exf4 gxf4 18. Rfe1 Nc8 ({It was
good idea to open some files over the kingside by:} 18... h3 $5 {and it will
be easier for black to creat some threats over there;} 19. g3) 19. b4 Rg8 20.
Qf3 {[%csl Rf4][%cal Gf3h3] Now white takes control over h4-h3 and f4-f4
breaks;} Bh6 21. a4 Rg5 22. Bf1 Rdg8 {[%cal Gf7h5,Rg5g2] Black is threatening
Bh5 following by Rxg2 and f3 then-white has to prevent this direct threat;} 23.
Qc3 R5g7 {Black can not creat any serious threats over the kingside;} 24. Ra3 {
[%cal Ga3c3]} (24. Na3 $5 {[%cal Gb4b5,Ya4a5] clearing pass for b-pawn;}) 24...
Ka8 $2 {Black has missed a chance to complicate things;} (24... f3 $1 25. Qxf3
Bd2 26. Rb1 Bg6 $132) 25. Qh3 $1 $18 {[%csl Gd7] Now white's attack is
unstoppable-Rc3 is coming and white is getting much more pieces over the
queenside- black is just lacking defenders there;} a6 (25... f3 26. Rxf3 Bd2
27. Rxf6 $1 Qxf6 28. Nxc7+ Kb8 29. Nd7+ Kxc7 30. Nxf6 $18 Bxe1 $140 31. Qd7+
Kb8 32. Nxg8 $18) 26. Rc3 $1 {[%mdl 128] Final Blow;} ({Another way to destroy
black's castle was:} 26. Nxa6 bxa6 27. Rc3 {[%cal Gb5c7,Yc7a6] and white gets
in with all the pieces;}) 26... Bh5 {It leads to the immediate loss of
material; On the other hand, Black can not accept the sacrifice- a-file
decisively gets open in that case:} (26... axb5 27. axb5 Qb6 28. Ra3+ Na7 29.
Nd7 Qxd4 30. b6 $1 $18 cxb6 $140 31. Rxa7+ Kxa7 32. Qa3#) 27. Ne6 Bg4 28. Qxh4
Qb6 (28... Bxe6 29. Rxc6 {[%csl Gc7,Ge6,Gh6]}) 29. Nxg7 Bxg7 30. Nxc7+ Kb8 31.
Qxg4 {White is up a rook and couple of pawns....} Qxd4 32. Qf3 f5 33. Nxd5 1-0

[Event "Villa Martelli"]
[Site "Villa Martelli"]
[Date "1997.06.03"]
[Round "3"]
[White "Ricardi, Pablo"]
[Black "Rodriguez Vila, Andres"]
[Result "1-0"]
[WhiteElo "2575"]
[BlackElo "2565"]
[Annotator "Tyomkin,D"]
[PlyCount "101"]
[EventDate "1997.06.01"]
[EventType "tourn"]
[EventRounds "11"]
[EventCountry "ARG"]
[EventCategory "13"]
[SourceTitle "CBM 060"]
[Source "ChessBase"]
[SourceDate "1997.09.29"]
[SourceVersion "1"]
[SourceVersionDate "1997.09.29"]
[SourceQuality "1"]

1. d4 f5 2. Bg5 Nf6 3. Bxf6 exf6 4. e3 d5 5. c4 c6 (5... Bb4+ 6. Nc3 O-O 7. Qb3
Bxc3+ 8. bxc3 Nc6 9. cxd5 Na5 10. Qb5 b6 11. Be2 Bb7 12. Bf3 a6 13. Qd3 Qd7 14.
c4 b5 15. cxb5 axb5 16. Ne2 Bxd5 17. Bxd5+ Qxd5 18. O-O $14 {1/2-1/2 Fominyh,
A-Guliev,S/RUS-chT Kazan 1995/CBM 51 (69)}) (5... Be6 6. cxd5 Bxd5 7. Nc3 Bf7
8. Qf3 Qc8 9. Bd3 g6 10. Nge2 Nd7 11. h4 h5 12. O-O c6 13. e4 (13. Rac1 $5)
13... fxe4 14. Qxe4+ Be7 15. Nf4 f5 16. Qe3 Kf8 17. Qg3 Rg8 18. Nh3 Qb8 19. Qe3
Bf6 20. Ng5 Bxg5 21. Qxg5 Rg7 22. g3 Qd6 $14 {0-1 Danielian,O-Yilmaz,T/Moscow
Tal 1992/EXT 92op (40)}) 6. Nc3 Be6 7. cxd5 (7. Qb3 b6 8. Bd3 g6 9. Nge2 Bh6
10. O-O O-O 11. Rac1 dxc4 12. Bxc4 Bxc4 13. Qxc4+ Kh8 14. Rfd1 Qc8 15. Nd5 Qb7
16. Ndf4 Rc8 17. d5 c5 18. d6 Nd7 19. Nd5 b5 20. Qh4 Bg5 21. Qh3 Kg7 22. Nc7
$16 {1-0 Soln,P-Kruml,D/Litomysl op 1994/EXT 94op (28)}) (7. c5 Nd7 8. Bd3 g6
9. b4 Kf7 10. Nge2 h5 11. Nf4 h4 12. Qf3 Bg7 13. O-O Nf8 14. b5 Nh7 15. Rab1
Ng5 16. Qe2 Re8 17. bxc6 bxc6 18. Ba6 Qa5 19. Rb7+ Kg8 20. Rb3 Bf7 21. Qd3 $14
{1-0 Gurevich,M-Vianin,P/Neuchatel op 1996/EXT 96op2 (34)}) 7... cxd5 8. Qb3
Qd7 9. Nge2 g5 (9... Bd6 10. Nb5 Be7 11. Nf4 $16) 10. g3 Nc6 11. Bg2 Rd8 12.
Rc1 Be7 (12... h5 13. h4 Bg7 14. Na4 $36 {[%csl Rc5]}) 13. a3 Kf7 14. h4 Kg7
15. Rc2 Na5 16. Qb5 Nc6 (16... Nc4 $6 17. O-O a6 18. Qxd7 Rxd7 19. Nxd5 Bxd5
20. Bxd5 Nxa3 (20... Nxe3 21. fxe3 Rxd5 22. Rc7 Re8 23. Nc3 Rd6 24. Rxf5 $16)
21. bxa3 Rxd5 22. Rc7 Kf8 23. Rxb7 $16) 17. f4 Rc8 18. Kf2 Ne5 $2 (18... a6 $5
19. Qb3 Na5 20. Qa2 Nc4 {[%csl Rc4]} 21. Rhc1 b5) 19. dxe5 (19. Qxd7 $6 Ng4+
20. Ke1 Bxd7 21. Kd2 {[%csl Rd5]} Nf2 22. Rhc1 Ne4+ 23. Nxe4 Rxc2+ 24. Rxc2
dxe4 25. Rc7 $16) 19... Qxb5 20. Nxb5 Rxc2 21. Nbd4 Rxb2 (21... Rc6 $6 22. Nxc6
bxc6 23. Nd4 Kf7 24. hxg5 fxg5 25. Rh6 Bc8 (25... Bd7 26. e6+) 26. Rxc6 $18)
22. Nxe6+ Kg6 $2 (22... Kf7 23. Bxd5 $18) 23. h5+ Kh6 24. N6d4 $18 gxf4 25.
gxf4 Kg7 26. Nxf5+ Kf7 27. Bxd5+ Ke8 28. exf6 (28. Rc1 $5 fxe5 (28... Kd7 29.
e6+ Kd8 30. Nxe7 Kxe7 31. Rc7+ Kd6 32. Rd7+ Kc5 33. e7 $18 {[%cal Rd5f7]}) 29.
Rc7 Bf6 30. Rf7 Rd2 31. Nd6+ Kd8 32. Nxb7+ Ke8 33. Nd6+ Kd8 34. e4 $18) 28...
Bxf6 29. Bxb7 {[%cal Rf5d6]} Kd7 30. Bd5 Rc8 31. Kf3 Rcc2 32. Ned4 Rf2+ 33. Ke4
Rb6 34. Rc1 Bxd4 35. Nxd4 Rh2 36. f5 Kd6 37. Bf7 Rh4+ 38. Kd3 Ra6 39. Rc3 Ke7
40. Rc7+ Kf6 41. Bb3 Rxh5 42. Rf7+ Kg5 43. a4 Rhh6 44. Ne6+ Kg4 45. Ke4 Kg3 46.
Nf4 Rhb6 47. Rg7+ Kf2 48. Rg2+ Ke1 49. Re2+ Kf1 50. Kf3 Rxb3 51. Nh5 (51. Nh5 {
1-0} Kg1 (51... Rd6 52. Ng3+ Kg1 53. Rg2#) 52. Ng3 {[%cal Re2g2]}) 1-0

[Event "Drury Lane"]
[Site "London"]
[Date "1997.06.20"]
[Round "5"]
[White "Dunnington, Angus J"]
[Black "Summerscale, Aaron"]
[Result "0-1"]
[WhiteElo "2445"]
[BlackElo "2500"]
[Annotator "Tyomkin,D"]
[PlyCount "88"]
[EventDate "1997.06.16"]
[EventType "tourn"]
[EventRounds "9"]
[EventCountry "ENG"]
[EventCategory "10"]
[SourceTitle "CBM 060"]
[Source "ChessBase"]
[SourceDate "1997.09.29"]
[SourceVersion "1"]
[SourceVersionDate "1997.09.29"]
[SourceQuality "1"]

1. d4 f5 2. Bg5 g6 3. Nc3 Bg7 4. h4 d5 5. Qd2 Be6 6. Nf3 Nd7 7. Bf4 c6 8. h5
Ngf6 $5 $146 (8... Bf7 {Tyomkin,D} 9. O-O-O Ngf6 10. h6 Bf8 11. Ne5 Nxe5 12.
Bxe5 Rg8 13. Bxf6 (13. f3 $5 Nd7 14. Bf4 $14) 13... exf6 14. Na4 Bd6 15. Nc5 {
1/2-1/2 Tukmakov,V-Malaniuk,V/URS-FL56 Simferopol 1988}) 9. hxg6 (9. h6 $5 Bf8
10. Ne5 {[%cal Gf2f3]}) 9... hxg6 10. Rxh8+ Bxh8 11. Ne5 Nxe5 12. Bxe5 Kf7 13.
O-O-O Bg7 14. f3 Qa5 15. Kb1 Rh8 16. e3 b5 17. Bd3 b4 18. Ne2 c5 19. c3 (19.
dxc5 Ne4 20. Bxe4 dxe4 21. Qd4 Qxa2+ 22. Kc1 Qa1+ 23. Kd2 Qa5 {[%cal Yh8d8]}
24. Kc1 Qa1+ $11) 19... Ne4 $5 20. Bxe4 (20. fxe4 dxe4 {[%csl Ra2]} 21. c4 (21.
Bc2 Qxa2+ 22. Kc1 Qa1+ 23. Bb1 Ba2 $19) 21... exd3 22. Qxd3 Bxe5 23. dxe5 Qc7
$17) 20... Bxe5 (20... dxe4 $2 21. d5 Bxe5 22. dxe6+ Kg7 23. c4 $16) 21. cxb4
cxb4 22. Bc2 $14 Bd6 23. Bb3 $6 (23. Nc1 $14 {[%cal Gc1b3,Yc2d3,Yd1c1] white
can choose betweenBb3,Nc1-d3,orBd3,Nc1-b3,Rc1 getting some points for knight})
23... Qb5 {[%cal Ga7a5,Ga5a4]} 24. Nf4 Bxf4 25. exf4 a5 26. Qe3 Rc8 {[%cal
Gc8c6]} (26... a4 $2 27. Re1 {[%cal Yb3a4]}) 27. Bc2 a4 28. Bd3 Qb6 29. Qe5 a3
30. Bc2 Qc6 31. Bb3 Ke8 32. Qe3 axb2 33. Kxb2 Qa6 34. Rc1 $6 (34. Re1 $142 Kf7
(34... Qa3+ $2 35. Kb1 Rc6 36. Bxd5 $18) (34... Kd7 $2 35. Ba4+) 35. Qe5 Qc6
36. Kb1) 34... Rxc1 35. Qxc1 Qe2+ 36. Qc2 Qe3 37. Qc5 {The idea of white to
sacrifice all the pawns on the >> for Pb4 getting dangerous passed pawn-a} Qf2+
38. Bc2 Qd2 (38... Qxg2 39. Qxb4 Qxf3 40. a4 {o^}) 39. Kb3 Qxg2 40. Kxb4 Qxf3
41. a4 Qxf4 42. a5 Qb8+ 43. Qb6 $4 {I don't know what did white expect playing
this move} (43. Ka3 {[%cal Ra5a6] white is not worse in this position:strong
passed pawn and better position of all pieces give white even some chances to
win} Qc8 44. Kb4 (44. Bd3 Qxc5+ 45. dxc5 Kd7 $19 {[%cal Gd7c7]} (45... d4 $2
46. c6 Bd5 47. Bb5 $18)) 44... Qb8+ 45. Ka3 $11) (43. Qb5+ Qxb5+ 44. Kxb5 Bc8
45. Kc6 $1 {[%cal Gc2d3,Yc6c7]} Kd8 (45... Kf7 $2 46. Bd3 $18 {[%cal Rc6c7]})
46. Bd3 (46. Kxd5 $6 g5) 46... e6 47. Kd6 g5 48. a6 f4 49. a7 Bb7 50. Kxe6 Kc7
$11) 43... Qxb6+ 44. axb6 Kd8 0-1